Elections in Mexico: what's the use? /
Kaydedildi:
| Yazar: | |
|---|---|
| Materyal Türü: | Metin |
| Etiketler: |
Etiketle
Etiket eklenmemiş, İlk siz ekleyin!
|
MARC
| LEADER | 00000 a a2200000 04500 | ||
|---|---|---|---|
| 001 | 10086 | ||
| 003 | |||
| 040 | |||
| 100 | |a Gómez Tagle, Silvia | ||
| 245 | |a Elections in Mexico: |b what's the use? / |c Silvia Gómez Tagle | ||
| 773 | |g volumen 41, número 5; páginas 12-22 | ||
| 999 | |c 30529 |d 30529 | ||
